000 00640cam a2200229u 4500
001 22825
003 BD-RjUL
005 20211209000846.0
008 140309s1929 nyu 000 0 eng
035 _a(BD-RjUL)22890
040 _aDLC
_cCarP
_dDLC
_dBD-RjUL
_beng
041 _aeng
082 _a822.91
_bMAE
100 1 _aMasefield, John,
_d1878-1967.
_953320
245 1 0 _aEaster :
_ba play for singers /
260 _aNew York :
_bThe Macmillan company,
_c1929.
300 _a24 p. ;
_c25 cm.
650 _a Easter -- Juvenile literature.
_970386
942 _2ddc
_cBK
999 _c22825
_d22825